| 000 | 00574 a2200169 4500 | ||
|---|---|---|---|
| 999 |
_c2529 _d2529 |
||
| 020 | _a639785307136 | ||
| 050 | _aHF5549 BIT 1990 | ||
| 100 |
_aBittel, Lester R. _eauthor |
||
| 245 |
_aWhat Every Supervisor Should Know : _bThe complete guide to supervisory management _cLester R. Bittel & John W. Newstrom |
||
| 250 | _a6th ed. | ||
| 264 |
_aNew York _bMcGraw-Hill _c1990 |
||
| 300 |
_a614p. : _bill. |
||
| 500 | _aIncludes index | ||
| 650 |
_aPersonnel management _xSupervision and employees |
||
| 700 |
_aNewstrom, John W. _eauthor |
||
| 942 |
_2lcc _cBK _e6th ed. _h5549 _iBIT _kHF |
||